Chúng ta có Bác Hồ: tập hồi kí về Bác; Tái bản lần thứ 3 có sửa chữa, bổ sung
Enregistré dans:
| Auteur principal: | |
|---|---|
| Format: | Livre |
| Langue: | Undetermined |
| Publié: |
Hà Nội
Lao động
2001
|
| Sujets: | |
| Tags: |
Ajouter un tag
Pas de tags, Soyez le premier à ajouter un tag!
|
| Thư viện lưu trữ: | Trung tâm Học liệu Trường Đại học Cần Thơ |
|---|
| LEADER | 00675nam a2200193Ia 4500 | ||
|---|---|---|---|
| 001 | CTU_43082 | ||
| 008 | 210402s9999 xx 000 0 und d | ||
| 020 | |b 32.500đ | ||
| 082 | |a 324.2075092 | ||
| 082 | |b Ch513/2001 | ||
| 100 | |a Đinh Xuân Lâm | ||
| 245 | 0 | |a Chúng ta có Bác Hồ: tập hồi kí về Bác; Tái bản lần thứ 3 có sửa chữa, bổ sung | |
| 245 | 0 | |c Đinh Xuân Lâm, Bùi Đình Phong | |
| 260 | |a Hà Nội | ||
| 260 | |b Lao động | ||
| 260 | |c 2001 | ||
| 650 | |a ho chi minh,revolutionists | ||
| 904 | |i Nguyễn Quang Điền, 010813 | ||
| 980 | |a Trung tâm Học liệu Trường Đại học Cần Thơ | ||